| 000 | 00391 a2200157 4500 | ||
|---|---|---|---|
| 999 |
_c320837 _d320837 |
||
| 001 | 85764 | ||
| 003 | NUST | ||
| 005 | 20180119201625.0 | ||
| 008 | 180119b xxu||||| |||| 00| 0 eng d | ||
| 020 | _a0803991479 | ||
| 082 | _a331.40954 KAL | ||
| 100 |
_aU. Kalpagam _99158 |
||
| 245 |
_aLabour and Gender : Survival in Urban India _hEnglish |
||
| 250 | _a1st | ||
| 260 |
_aNew Delhi _bSAGE _c1994 |
||
| 300 | _a309p. | ||
| 500 | _aGifted By AM Masood Akhtar | ||
| 942 |
_acaenust _cBK _k331.40954 _2ddc |
||